ՀՀ Գիտությունների ազգային ակադեմիայի հիմնարար գիտական գրադարան  =   Fundamental Scientific Library of NAS RA

Սիրտ : (Record no. 142140)

MARC details
000 -LEADER
fixed length control field 00688nam a2200181 a 4500
001 - CONTROL NUMBER
control field 000371963
003 - CONTROL NUMBER IDENTIFIER
control field AM-YeHGA
005 - DATE AND TIME OF LATEST TRANSACTION
control field 20250617131920.0
008 - FIXED-LENGTH DATA ELEMENTS--GENERAL INFORMATION
fixed length control field 041021s1889 gs r 000 0 arm d
040 ## - CATALOGING SOURCE
Original cataloging agency AM-YeHGA
041 1# - LANGUAGE CODE
Language code of text/sound track or separate title arm
Language code of original fre
090 ## - LOCALLY ASSIGNED LC-TYPE CALL NUMBER (OCLC); LOCAL CALL NUMBER (RLIN)
-- 143520
245 10 - TITLE STATEMENT
Title Սիրտ :
Remainder of title Աշակերտի յիշատակարանը /
Statement of responsibility, etc. Էդ. դէ Ամիչիս; Թարգմ. ֆրանս.՝ Փ. Վարդանեան.
260 ## - PUBLICATION, DISTRIBUTION, ETC.
Place of publication, distribution, etc. Թիֆլիս :
Name of publisher, distributor, etc. տպ. Յովհաննէս Մարտիրոսեանցի,
Date of publication, distribution, etc. 1889.
300 ## - PHYSICAL DESCRIPTION
Extent 336 էջ ;
Dimensions 18 սմ.
650 14 - SUBJECT ADDED ENTRY--TOPICAL TERM
Topical term or geographic name entry element Իտալական մանկական գրականություն
General subdivision Վեպ
700 1# - ADDED ENTRY--PERSONAL NAME
Personal name Վարդանեան, Փիլիպպոս
Relator term թարգմ.
Relationship trl
Holdings
Withdrawn status Lost status Damaged status Not for loan Collection Home library Current library Date acquired Total checkouts Full call number Barcode Date last seen Price effective from Koha item type Public note
        General Fundamental Scientific Library Fundamental Scientific Library 22/12/2016   AI/3328 FL0037551 22/12/2016 22/12/2016 Գրքեր / Books 30 Days Loan
        General Fundamental Scientific Library Fundamental Scientific Library 22/12/2016   AII/21770 FL0005928 22/12/2016 22/12/2016 Գրքեր / Books 30 Days Loan


ՀՀ ԳԱԱ հիմնարար գիտական գրադարան
ՀՀ,Երևան 0019
Մարշալ Բաղրամյան 24/6
հեռախոս:(374-10) 52-47-50
Հետադարձ կապ

All site content, except where otherwise noted, is licensed under a
Creative Commons License